| Поле | Инд. | ПП | Название | Значение |
|---|---|---|---|---|
| Тип записи | a | |||
| Библиографический уровень | m | |||
| 001 | Контрольный номер | RU/IS/BASE/344526319 | ||
| 005 | Дата корректировки | 20141106085136.3 | ||
| 040 | a | Служба первич. каталог. | НБ ТвГУ | |
| b | Код языка каталог. | rus | ||
| e | Правила каталог. | PSBO | ||
| 041 | 0_ | a | Код языка текста | rus |
| 080 | a | Индекс УДК | 531/534(075.8) | |
| 084 | a | Индекс другой классификации/Индекс ББК | В2я73-1 | |
| 090 | a | Полочн. индекс | 53 | |
| x | Авторский знак | А 87 | ||
| 100 | 1_ | a | Автор | Архангельский Михаил Михайлович |
| q | Полное имя | Архангельский М. М. | ||
| 245 | 10 | a | Заглавие | Курс физики. Механика |
| b | Продолж. заглавия | учебное пособие для студентов физико-математических факультетов педагогических институтов | ||
| 250 | a | Основные сведения об издании | 3-е изд., перераб. | |
| 260 | a | Место издания | Москва | |
| b | Издательство | Просвещение | ||
| c | Дата издания | 1975 | ||
| 300 | a | Объем | 424 с. | |
| b | Иллюстрации/ тип воспроизводства | ил. | ||
| 653 | a | Ключевые слова | Механика | |
| a | Ключевые слова | Учебники для вузов | ||
| a | Ключевые слова | Физика | ||
| 901 | t | Тип документа | m | |
| 920 | a | Оператор | Пету | |
| a | Оператор | Поля | ||
| a | Оператор | Суха | ||
| a | Оператор | Стро | ||
| 930 | a | Новая/Ретро | новая | |
| 952 | c | Вид литературы | К ру | |
| 954 | a | Дата поступления на обработку | 20101201 | |
| a | Дата поступления на обработку | 20141105 | ||
| c | Дата окончания ОНО | 20141106 | ||
| b | Дата поступления в ОК | 20141028 |